[Произведения для оркестра] (Запись № 13285045)

Подробности
000 -МАРКЕР
контрольное поле 03731njm0a2200385 4500
001 - ИДЕНТИФИКАТОР ЗАПИСИ
контрольное поле RU\NLR\ONIZ\297729
005 - ИДЕНТИФИКАТОР ВЕРСИИ
контрольное поле 20250708193720.0
035 ## - ДРУГИЕ СИСТЕМНЫЕ НОМЕРА
Идентификатор записи (NLR Aleph) 016323535
071 00 - ИЗДАТЕЛЬСКИЙ НОМЕР
Номер, присвоенный агентством С10 24357-8 007
100 ## - ДАННЫЕ ОБЩЕЙ ОБРАБОТКИ
Данные общей обработки 20230315d1986 |||y0rusy50 ca
102 ## - СТРАНА ПУБЛИКАЦИИ ИЛИ ПРОИЗВОДСТВА
Страна публикации Российская Федерация
126 ## - ПОЛЕ КОДИРОВАННЫХ ДАННЫХ: ЗВУКОЗАПИСИ - ФИЗИЧЕСКИЕ ХАРАКТЕРИСТИКИ
Кодированные данные звукозаписи (общие) abbxexu ux
Кодированные данные звукозаписи (уточнения) xxx
127 ## - ПОЛЕ КОДИРОВАННЫХ ДАННЫХ: ПРОДОЛЖИТЕЛЬНОСТЬ ЗВУКОЗАПИСЕЙ И НОТНЫХ ИЗДАНИЙ (МУЗЫКАЛЬНОЕ ИСПОЛНЕНИЕ)
Продолжительность 003600
200 1# - ЗАГЛАВИЕ И СВЕДЕНИЯ ОБ ОТВЕТСТВЕННОСТИ
Основное заглавие [Произведения для оркестра]
Общее обозначение материала Звукозапись
Первые сведения об ответственности Л. Сумеро
203 ## - ВИД СОДЕРЖАНИЯ И ТИП СРЕДСТВА
Вид содержания Музыка
Дополнительные сведения об издании
Тип средства аудио
210 ## - ПУБЛИКАЦИЯ, РАСПРОСТРАНЕНИЕ И ДР.
Место издания, распространения и т.д. Москва
Имя издателя, распространителя и т. д. Мелодия
Дата издания, распространения и т.д. 1986
Имя изготовителя Завод грампластинок
Место изготовления Рига
215 ## - ФИЗИЧЕСКАЯ ХАРАКТЕРИСТИКА
Специфическое обозначение материала и объем 1 грп. [ГОСТ 5289-80] (37 мин) : 33 об/мин, стерео
Размеры 30 см, в конв
300 ## - ОБЩИЕ ПРИМЕЧАНИЯ
Текст примечания Запись 1985 г
300 ## - ОБЩИЕ ПРИМЕЧАНИЯ
Текст примечания Описано по конв
327 1# - ПРИМЕЧАНИЯ О СОДЕРЖАНИИ
Текст примечания 1. Олимпийская музыка I / исполняет: Государственный симфонический оркестр Эстонской ССР, дирижёр Пеэтер Лилье ;
-- 2. Музыка для камерного оркестра / исполняют: Яан Ыун, флейта, Ансамбль солистов Государственного симфонического оркестра Эстонской ССР, дирижёр Пеэтер Лилье ;
-- 3. Симфония № 2 / исполняет: Государственный симфонический оркестр Эстонской ССР, дирижёр Пеэтер Лилье
464 #0 - АНАЛИТИЧЕСКИЙ УРОВЕНЬ
Встроенное поле 2001#$aОлимпийская музыка I$gисполняет: Государственный симфонический оркестр Эстонской ССР, дирижёр Пеэтер Лилье
-- 6890#$aЩ951.1-058.9(4Эст)
-- 702#1$9z01790$aЛилье$bП.$gПеэтер$cдирижёр$f1950-1993$4250$7ca
-- 71202$aГосударственный симфонический оркестр Эстонской ССР$4570$7ca
-- 790#1$9z01702$aLilje$bP.$gPeeter$f1950-1993$4250$7ba
Заглавие Олимпийская музыка I
464 #0 - АНАЛИТИЧЕСКИЙ УРОВЕНЬ
Встроенное поле 2001#$aМузыка для камерного оркестра$gисполняют: Яан Ыун, флейта, Ансамбль солистов Государственного симфонического оркестра Эстонской ССР, дирижёр Пеэтер Лилье
-- 6061#$aМузыка для камерного оркестра$yЭстония$z20 век$jЗвукозапись$2nlr_sh
-- 6890#$aЩ951.3-059(4Эст)
-- 702#1$aЫун$bЯ. А.$gЯан Артурович$cфлейта$f1945-1996$4590$4wfl$7ca
Заглавие Музыка для камерного оркестра
464 #0 - АНАЛИТИЧЕСКИЙ УРОВЕНЬ
Встроенное поле 2001#$aСимфония № 2$fисполняет: Государственный симфонический оркестр Эстонской ССР, дирижёр Пеэтер Лилье
-- 6061#$aСимфонии для симфонического оркестра эстонские$z20 век$jЗвукозапись$2nlr_sh
-- 6890#$aЩ951.1-040(4Эст)
-- 702#1$9z01790$aЛилье$bП.$gПеэтер$cдирижёр$f1950-1993$4250$7ca
-- 71202$aГосударственный симфонический оркестр Эстонской ССР$4570$7ca
-- 790#1$9z01702$aLilje$bP.$gPeeter$f1950-1993$4250$7ba
Заглавие Симфония № 2
686 0# - ИНДЕКСЫ ДРУГИХ КЛАССИФИКАЦИЙ
Индекс Щ951я44(4Эст)
700 #1 - ИМЯ ЛИЦА - ПЕРВИЧНАЯ ОТВЕТСТВЕННОСТЬ
Системный номер авторитетной/нормативной записи z01790
Начальный элемент ввода Сумера
Часть имени, кроме начального элемента ввода Л. З.
Даты 1950-
Расширение инициалов личного имени Лепо Зигфридович
Код отношения Композитор
Графика поля Кириллица
790 #1 - ИМЯ ЛИЦА - АЛЬТЕРНАТИВНАЯ ФОРМА
Системный номер авторитетной/нормативной записи z01700
Начальный элемент ввода Sumera
Часть имени, кроме начального элемента ввода L.
Даты 1950-
Расширение инициалов личного имени Lepo
Код отношения Композитор
Графика поля Латинская
801 #0 - ИСТОЧНИК ЗАПИСИ
Страна Российская Федерация
Организация NLR
Дата составления 20230315
Правила каталогизации PSBO
801 #1 - ИСТОЧНИК ЗАПИСИ
Страна Российская Федерация
Организация NLR
Дата составления 20230315
Источник данных rusmarc
801 #2 - ИСТОЧНИК ЗАПИСИ
Страна Российская Федерация
Организация NLR
Дата составления 20230319
852 ## - МЕСТОНАХОЖДЕНИЕ И ШИФР ХРАНЕНИЯ
Идентификатор организации NLR
Наименование фонда или коллекции (Sub-Location Identifier) Мг
Шифр хранения (Call Number) 3/8610
Страна
Номер экземпляра 1
942 ## - ДОПОЛНИТЕЛЬНЫЕ ЭЛЕМЕНТЫ ЗАПИСИ (АБИС)
Тип экземпляра АБИС Звукозапись
980 ## - КОЛЛЕКЦИЯ
Название коллекции Национальная библиография
980 ## - КОЛЛЕКЦИЯ
Название коллекции Отдел нот и звукозаписей
Экземпляры
Тип экземпляра Дата поступления Библиотека постоянного хранения Библиотека текущего хранения Место хранения Шифр хранения Статус экземпляра
Звукозапись 15.03.2023 РНБ (Московский) РНБ (Московский) Фонд нот и звукозаписей 3/8610 3/8610